| 000 | 01022nam a22001937a 4500 | ||
|---|---|---|---|
| 999 |
_c61127 _d61127 |
||
| 005 | 20231221120914.0 | ||
| 008 | 231221s1978 ru ||||| |||| 00| 0 rus d | ||
| 041 | _arus | ||
| 080 | _a902/904(4-11) B-74 | ||
| 245 |
_aВопросы древней и средневековой археологии Восточной Европы / _cОтв.ред. В.И. Козенкова, Ю.А. Краснов, И.Г. Розенфельдт. |
||
| 264 |
_a М.: _bНаука, _c1978. |
||
| 300 |
_a259 с.: _bил.; _c22 см. |
||
| 653 | _aძველი და შუა საუკუნეების არქეოლოგიის კითხვები აღმოსავლეთ ევროპის | ||
| 653 | _aარქეოლოგია | ||
| 700 |
_aКозенкова, В.И. _eრედაქტორი _920833 |
||
| 700 |
_aКраснов, Ю.А. _eრედაქტორი _920834 |
||
| 700 |
_aРозенфельдт, И.Г. _eრედაქტორი _920835 |
||
| 942 |
_2udc _cᲬᲘᲒᲜᲘ |
||